Назовете Валидна Балканска Държава - Statistics

General Stats
  • This quiz has been taken 62 times
  • The average score is 14 of 15
Answer Stats
Балканска държава която Отговор % Correct
Няма достъп до море Сърбия, Косово, Северна Македония, Молдова
100%
Има повече от 10 милиона жители Гърция, Румъния, Турция
98%
Граничи с Черно или Егейско Море България, Гърция, Румъния, Турция
98%
Е по-голяма е от повечето държави с които граничи Албания, Гърция, Румъния, Сърбия, Турция, Хърватия
98%
Има по-дълъг бряг от България Гърция, Турция, Хърватия, Албания
98%
Е спечелила Първата Балканска Война България, Гърция, Сърбия, Черна Гора
98%
Е бивша Югославска Република Босна и Херцеговина, Северна Македония, Словения, Сърбия, Хърватия, Черна Гора
96%
Има червено, но не и синьо на знамето си Албания, България, Северна Македония, Турция
96%
Е по-голяма е от 100 000 км² България, Гърция, Румъния, Турция
96%
Граничи с точно пет държави България, Румъния, Северна Македония, Хърватия
96%
Има връх по-висок от 2800 метра Турция, България, Гърция, Словения
95%
Е била изцяло част от Австро-Унгария Босна и Херцеговина, Словения, Хърватия
95%
Е по-малка от всичките си съседи Косово, Молдова, Словения
95%
Съдържа част от река Сава Босна и Херцеговиня, Словения, Сърбия, Хърватия
93%
Използва точно два цвята в знамето си Албания, Гърция, Северна Македония, Турция
93%
No matching quizzes found
Score Distribution
Percent of People with Each Score
Percentile by Number Answered
Your Score History
You have not taken this quiz